Isu-isu dalam ilmu dan pemikiran
| Main Author: | |
|---|---|
| Other Authors: | , |
| Format: | Book |
| Published: |
Selangor :
Aras Mega (M) Sdn Bhd ,
1998
|
| Subjects: |
MARC
| LEADER | 00000cam a2200000 7i4500 | ||
|---|---|---|---|
| 001 | 0000025035 | ||
| 005 | 20090204.0 | ||
| 008 | 090204 | ||
| 020 | |a 9839301128 | ||
| 090 | 0 | 0 | |a 121 |b MOH |
| 100 | 1 | |a Mohd Yusof Othman | |
| 245 | 1 | 2 | |a Isu-isu dalam ilmu dan pemikiran |c Mohd Yusof Othman |
| 260 | |a Selangor : |b Aras Mega (M) Sdn Bhd , |c 1998 | ||
| 650 | 0 | |a Knowledge, theory of |x Jamaluddin Mohd Sulong |x IshakAli Shah | |
| 700 | 1 | |a Ishak Ali Shah | |
| 700 | 1 | |a Jamaluddin Mohd Sulong | |
| 999 | |a 0001040988 |b Book |c Adult Collection |e Perbadanan Perpustakaan Awam Johor | ||